[Event "U12 Burschen Blitz"]
[Site "austriaU18boys"]
[Date "2020.12.11"]
[Round "5"]
[White "Beckenbauer23"]
[Black "DoHoChess"]
[Result "1-0"]
[WhiteElo "2039"]
[BlackElo "2274"]
[Annotator "NA"]
[PlyCount "69"]
[EventDate "2020.12.11"]
[EventType "blitz"]

1. e4 {[%emt 0:00:01]} d5 {[%emt 0:00:00]} 2. exd5 {[%emt 0:00:05]} Qxd5 {[%emt 0:00:00]} 3. Nc3 {[%emt 0:00:03]} Qa5 {[%emt 0:00:00]} 4. d4 {[%emt 0:00:04]} Nf6 {[%emt 0:00:00]} 5. Nf3 {[%emt 0:00:03]} c6 {[%emt 0:00:00]} 6. Bc4 {[%emt 0:00:03]} Bf5 {[%emt 0:00:00]} 7. Bd2 {[%emt 0:00:02]} Nbd7 {[%emt 0:00:04]} 8. Qe2 {[%emt 0:00:06]} Qc7 {[%emt 0:00:01]} 9. O-O-O {[%emt 0:00:04]} b5 {[%emt 0:00:10]} 10. Bb3 {[%emt 0:00:04]} b4 {[%emt 0:00:02]} 11. Na4 {[%emt 0:00:10]} e6 {[%emt 0:00:02]} 12. Rhe1 {[%emt 0:00:06]} Be7 {[%emt 0:00:04]} 13. Nh4 {[%emt 0:00:03]} Bg6 {[%emt 0:00:17]} 14. Nxg6 {[%emt 0:00:01]} hxg6 {[%emt 0:00:00]} 15. Bxe6 {[%emt 0:00:23]} fxe6 {[%emt 0:00:04]} 16. Qxe6 {[%emt 0:00:00]} Nf8 {[%emt 0:00:05]} 17. Qc4 {[%emt 0:00:27]} Nd5 {[%emt 0:00:14]} 18. Bg5 {[%emt 0:00:07]} O-O-O {[%emt 0:00:28]} 19. Bxe7 {[%emt 0:00:01]} Nxe7 {[%emt 0:00:00]} 20. Qxb4 {[%emt 0:00:00]} Nd5 {[%emt 0:00:03]} 21. Qc4 {[%emt 0:00:05]} Nd7 {[%emt 0:00:03]} 22. h3 {[%emt 0:00:03]} Rhe8 {[%emt 0:00:04]} 23. Qa6+ {[%emt 0:00:12]} Kb8 {[%emt 0:00:01]} 24. g3 {[%emt 0:00:07]} N5b6 {[%emt 0:00:41]} 25. Nc5 {[%emt 0:00:10]} Nxc5 {[%emt 0:00:06]} 26. dxc5 {[%emt 0:00:00]} Nd5 {[%emt 0:00:03]} 27. Rxe8 {[%emt 0:00:15]} Rxe8 {[%emt 0:00:02]} 28. Rxd5 {[%emt 0:00:06]} Re1+ {[%emt 0:00:48]} 29. Rd1 {[%emt 0:00:06]} Qe5 {[%emt 0:00:01]} 30. Qxc6 {[%emt 0:00:34]} Qg5+ {[%emt 0:00:01]} 31. f4 {[%emt 0:00:03]} Qxg3 {[%emt 0:00:01]} 32. Qd6+ {[%emt 0:00:03]} Ka8 {[%emt 0:00:01]} 33. Qd8+ {[%emt 0:00:12]} Kb7 {[%emt 0:00:01]} 34. Qd7+ {[%emt 0:00:01]} Ka8 {[%emt 0:00:01]} 35. Qc8# {[%emt 0:00:01] (Lag: Av=0.36s, max=1.2s)} 1-0

[Event "U12 Burschen Blitz"]
[Site "austriaU18boys"]
[Date "2020.12.11"]
[Round "5"]
[White "Jakob19"]
[Black "Sebsep1"]
[Result "1-0"]
[WhiteElo "2032"]
[BlackElo "2061"]
[Annotator "NA"]
[PlyCount "75"]
[EventDate "2020.12.11"]
[EventType "blitz"]

1. d4 {[%emt 0:00:04]} Nf6 {[%emt 0:00:01]} 2. c4 {[%emt 0:00:03]} g6 {[%emt 0:00:00]} 3. f3 {[%emt 0:00:01]} Bg7 {[%emt 0:00:01]} 4. e4 {[%emt 0:00:01]} d6 {[%emt 0:00:01]} 5. Nc3 {[%emt 0:00:01]} O-O {[%emt 0:00:01]} 6. Be3 {[%emt 0:00:01]} c5 {[%emt 0:00:01]} 7. Nge2 {[%emt 0:00:02]} Nc6 {[%emt 0:00:02]} 8. d5 {[%emt 0:00:02]} Ne5 {[%emt 0:00:01]} 9. Ng3 {[%emt 0:00:01]} h5 {[%emt 0:00:01]} 10. Be2 {[%emt 0:00:03]} h4 {[%emt 0:00:01]} 11. Nf1 {[%emt 0:00:01]} b5 {[%emt 0:00:00]} 12. Nxb5 {[%emt 0:00:29]} e6 {[%emt 0:00:03]} 13. Nd2 {[%emt 0:00:07]} Rb8 {[%emt 0:00:13]} 14. Rb1 {[%emt 0:00:12]} exd5 {[%emt 0:00:09]} 15. cxd5 {[%emt 0:00:03]} h3 {[%emt 0:00:10]} 16. g4 {[%emt 0:00:12]} a6 {[%emt 0:00:35]} 17. Nc3 {[%emt 0:00:03]} Nfxg4 {[%emt 0:00:45]} 18. fxg4 {[%emt 0:00:05]} f5 {[%emt 0:00:00]} 19. exf5 {[%emt 0:00:16]} gxf5 {[%emt 0:00:02]} 20. O-O {[%emt 0:00:02]} Rb4 {[%emt 0:00:13]} 21. a3 {[%emt 0:00:32]} Nxg4 {[%emt 0:00:05]} 22. Bxg4 {[%emt 0:00:05]} Rxg4+ {[%emt 0:00:02]} 23. Kh1 {[%emt 0:00:01]} f4 {[%emt 0:00:09]} 24. Bf2 {[%emt 0:00:10]} Qg5 {[%emt 0:00:28]} 25. Qf3 {[%emt 0:00:19]} Rg2 {[%emt 0:00:07]} 26. Nde4 {[%emt 0:00:05]} Qg6 {[%emt 0:00:03]} 27. Rg1 {[%emt 0:00:09]} Bg4 {[%emt 0:00:01]} 28. Qd3 {[%emt 0:00:11]} f3 {[%emt 0:00:16]} 29. Rxg2 {[%emt 0:00:13]} hxg2+ {[%emt 0:00:14]} 30. Kg1 {[%emt 0:00:02]} Be5 {[%emt 0:00:00]} 31. h4 {[%emt 0:00:15]} Qf5 {[%emt 0:00:06]} 32. Rd1 {[%emt 0:00:04]} Bh5 {[%emt 0:00:03]} 33. Ng5 {[%emt 0:00:05]} Qd7 {[%emt 0:00:11]} 34. Nce4 {[%emt 0:00:02]} Qg7 {[%emt 0:00:01]} 35. Ng3 {[%emt 0:00:02]} Bg6 {[%emt 0:00:01]} 36. Qxa6 {[%emt 0:00:02]} Qd7 {[%emt 0:00:01]} 37. h5 {[%emt 0:00:03]} Qh3 {[%emt 0:00:01]} 38. Nxh3 {[%emt 0:00:01] Sebsep1 resigns} 1-0

[Event "U12 Burschen Blitz"]
[Site "austriaU18boys"]
[Date "2020.12.11"]
[Round "5"]
[White "Dagobert Duck"]
[Black "Paligator"]
[Result "1/2-1/2"]
[WhiteElo "2030"]
[BlackElo "2006"]
[PlyCount "107"]
[EventDate "2020.12.11"]
[EventType "blitz"]

1. c4 {[%emt 0:00:02]} Nf6 {[%emt 0:00:04]} 2. Nc3 {[%emt 0:00:01]} c5 {[%emt 0:00:06]} 3. Nf3 {[%emt 0:00:01]} d5 {[%emt 0:00:03]} 4. cxd5 {[%emt 0:00:01]} Nxd5 {[%emt 0:00:00]} 5. e3 {[%emt 0:00:00]} Nc6 {[%emt 0:00:04]} 6. Bc4 {[%emt 0:00:01]} e6 {[%emt 0:00:09]} 7. O-O {[%emt 0:00:01]} Be7 {[%emt 0:00:01]} 8. d4 {[%emt 0:00:01]} cxd4 {[%emt 0:00:17]} 9. exd4 {[%emt 0:00:00]} O-O {[%emt 0:00:03]} 10. Re1 {[%emt 0:00:03]} a6 {[%emt 0:00:10]} 11. a3 {[%emt 0:00:08]} b5 {[%emt 0:00:03]} 12. Ba2 {[%emt 0:00:01]} Bb7 {[%emt 0:00:03]} 13. Nxd5 {[%emt 0:00:06]} exd5 {[%emt 0:00:00]} 14. Bf4 {[%emt 0:00:07]} Bf6 {[%emt 0:00:03]} 15. Ne5 {[%emt 0:00:10]} Na5 {[%emt 0:00:11]} 16. Qf3 {[%emt 0:00:14]} Nc4 {[%emt 0:00:02]} 17. Nxc4 {[%emt 0:00:02]} bxc4 {[%emt 0:00:01]} 18. Be5 {[%emt 0:00:36]} Bxe5 {[%emt 0:00:08]} 19. Rxe5 {[%emt 0:00:00]} Qb6 {[%emt 0:00:01]} 20. Qc3 {[%emt 0:00:08]} Rfe8 {[%emt 0:00:08]} 21. Rae1 {[%emt 0:00:01]} Bc6 {[%emt 0:00:11]} 22. h3 {[%emt 0:00:16]} f6 {[%emt 0:00:04]} 23. Rxe8+ {[%emt 0:00:12]} Rxe8 {[%emt 0:00:00]} 24. Rxe8+ {[%emt 0:00:01]} Bxe8 {[%emt 0:00:01]} 25. b3 {[%emt 0:00:02]} cxb3 {[%emt 0:00:17]} 26. Bxb3 {[%emt 0:00:01]} Qc6 {[%emt 0:00:01]} 27. Qe3 {[%emt 0:00:25]} Bg6 {[%emt 0:00:14]} 28. f3 {[%emt 0:00:24]} Kf7 {[%emt 0:00:09]} 29. h4 {[%emt 0:00:03]} Bf5 {[%emt 0:00:09]} 30. g4 {[%emt 0:00:02]} Be6 {[%emt 0:00:11]} 31. h5 {[%emt 0:00:04]} Qd6 {[%emt 0:00:04]} 32. Bc2 {[%emt 0:00:10]} Qg3+ {[%emt 0:00:03]} 33. Kf1 {[%emt 0:00:04]} Bxg4 {[%emt 0:00:09]} 34. Bxh7 {[%emt 0:00:13]} Qxf3+ {[%emt 0:00:07]} 35. Qxf3 {[%emt 0:00:01]} Bxf3 {[%emt 0:00:00]} 36. Bg6+ {[%emt 0:00:05]} Ke6 {[%emt 0:00:01]} 37. Kf2 {[%emt 0:00:05]} Be4 {[%emt 0:00:01]} 38. Be8 {[%emt 0:00:01]} Kf5 {[%emt 0:00:02]} 39. Kg3 {[%emt 0:00:05]} Kg5 {[%emt 0:00:01]} 40. Bf7 {[%emt 0:00:04]} a5 {[%emt 0:00:03]} 41. Be8 {[%emt 0:00:11]} f5 {[%emt 0:00:01]} 42. Kf2 {[%emt 0:00:04]} f4 {[%emt 0:00:01]} 43. Bf7 {[%emt 0:00:02]} Kf6 {[%emt 0:00:22]} 44. Be8 {[%emt 0:00:03]} g5 {[%emt 0:00:30]} 45. hxg6 {[%emt 0:00:02]} Bxg6 {[%emt 0:00:00]} 46. Bc6 {[%emt 0:00:04]} Be4 {[%emt 0:00:01]} 47. Ba4 {[%emt 0:00:02]} Kf5 {[%emt 0:00:03]} 48. Bd7+ {[%emt 0:00:01]} Kg5 {[%emt 0:00:03]} 49. Bc8 {[%emt 0:00:01]} f3 {[%emt 0:00:05]} 50. Bd7 {[%emt 0:00:01]} Kf4 {[%emt 0:00:01]} 51. Be6 {[%emt 0:00:02]} Kg5 {[%emt 0:00:02]} 52. Bd7 {[%emt 0:00:02]} Kf4 {[%emt 0:00:01]} 53. Be6 {[%emt 0:00:01]} Kg5 {[%emt 0:00:01]} 54. Bd7 {[%emt 0:00:01] Threefold Rep Threefold Rep} 1/2-1/2

[Event "U12 Burschen Blitz"]
[Site "austriaU18boys"]
[Date "2020.12.11"]
[Round "5"]
[White "UrosN"]
[Black "Schröttner Tobias"]
[Result "1-0"]
[WhiteElo "1908"]
[BlackElo "1664"]
[PlyCount "79"]
[EventDate "2020.12.11"]
[EventType "blitz"]

1. d4 {[%emt 0:00:39]} Nf6 {[%emt 0:00:02]} 2. c4 {[%emt 0:00:01]} g6 {[%emt 0:00:01]} 3. Nc3 {[%emt 0:00:01]} Bg7 {[%emt 0:00:01]} 4. Nf3 {[%emt 0:00:01]} d6 {[%emt 0:00:01]} 5. e4 {[%emt 0:00:01]} Nc6 {[%emt 0:00:01]} 6. Be2 {[%emt 0:00:02]} Bg4 {[%emt 0:00:01]} 7. O-O {[%emt 0:00:01]} O-O {[%emt 0:00:01]} 8. Be3 {[%emt 0:00:02]} e5 {[%emt 0:00:01]} 9. d5 {[%emt 0:00:01]} Ne7 {[%emt 0:00:01]} 10. Rc1 {[%emt 0:00:08]} b6 {[%emt 0:00:02]} 11. a3 {[%emt 0:00:06]} Nd7 {[%emt 0:00:01]} 12. b4 {[%emt 0:00:03]} f5 {[%emt 0:00:02]} 13. Ne1 {[%emt 0:00:12]} Bxe2 {[%emt 0:00:07]} 14. Qxe2 {[%emt 0:00:00]} f4 {[%emt 0:00:01]} 15. Bd2 {[%emt 0:00:01]} g5 {[%emt 0:00:01]} 16. Nd3 {[%emt 0:00:13]} Ng6 {[%emt 0:00:07]} 17. f3 {[%emt 0:00:10]} h5 {[%emt 0:00:02]} 18. c5 {[%emt 0:00:03]} bxc5 {[%emt 0:00:15]} 19. bxc5 {[%emt 0:00:02]} Qe7 {[%emt 0:00:04]} 20. cxd6 {[%emt 0:00:03]} cxd6 {[%emt 0:00:00]} 21. Nb5 {[%emt 0:00:14]} a6 {[%emt 0:00:07]} 22. Nc7 {[%emt 0:00:04]} Ra7 {[%emt 0:00:13]} 23. Ne6 {[%emt 0:00:01]} Rb8 {[%emt 0:00:03]} 24. Nb4 {[%emt 0:00:04]} Rab7 {[%emt 0:01:13]} 25. Nc6 {[%emt 0:00:04]} Qf6 {[%emt 0:00:01]} 26. Nxb8 {[%emt 0:00:03]} Rxb8 {[%emt 0:00:00]} 27. Bb4 {[%emt 0:00:01]} Bf8 {[%emt 0:00:13]} 28. Qxa6 {[%emt 0:00:09]} Nb6 {[%emt 0:00:11]} 29. Rc6 {[%emt 0:00:16]} Nd7 {[%emt 0:00:18]} 30. Rc8 {[%emt 0:00:06]} Rb6 {[%emt 0:00:08]} 31. Qa7 {[%emt 0:00:10]} Qe7 {[%emt 0:00:15]} 32. Rfc1 {[%emt 0:00:10]} g4 {[%emt 0:00:20]} 33. R1c7 {[%emt 0:00:04]} gxf3 {[%emt 0:00:04]} 34. Nxf8 {[%emt 0:00:17]} Ngxf8 {[%emt 0:00:06]} 35. Rxd7 {[%emt 0:00:04]} f2+ {[%emt 0:00:05]} 36. Kf1 {[%emt 0:00:01]} Qg5 {[%emt 0:00:02]} 37. Qxb6 {[%emt 0:00:17]} f3 {[%emt 0:00:02]} 38. Rxf8+ {[%emt 0:00:07]} Kxf8 {[%emt 0:00:01]} 39. Qb8+ {[%emt 0:00:01]} Qd8 {[%emt 0:00:02]} 40. Qxd8# {[%emt 0:00:00] Mate Mate} 1-0

[Event "U12 Burschen Blitz"]
[Site "austriaU18boys"]
[Date "2020.12.11"]
[Round "5"]
[White "Pernerstorfer_Max"]
[Black "Konstantin Peyrer"]
[Result "0-1"]
[WhiteElo "1889"]
[BlackElo "2247"]
[PlyCount "74"]
[EventDate "2020.12.11"]
[EventType "blitz"]

1. e4 {[%emt 0:00:03]} e6 {[%emt 0:00:04]} 2. d4 {[%emt 0:00:01]} d5 {[%emt 0:00:01]} 3. Nd2 {[%emt 0:00:01]} Nc6 {[%emt 0:00:02]} 4. Ngf3 {[%emt 0:00:03]} Nf6 {[%emt 0:00:01]} 5. e5 {[%emt 0:00:01]} Nd7 {[%emt 0:00:01]} 6. c3 {[%emt 0:00:13]} Be7 {[%emt 0:00:04]} 7. Bd3 {[%emt 0:00:01]} O-O {[%emt 0:00:02]} 8. O-O {[%emt 0:00:01]} f6 {[%emt 0:00:01]} 9. exf6 {[%emt 0:00:02]} Nxf6 {[%emt 0:00:00]} 10. Re1 {[%emt 0:00:01]} Bd6 {[%emt 0:00:03]} 11. Nf1 {[%emt 0:00:22]} Bd7 {[%emt 0:00:12]} 12. Bg5 {[%emt 0:00:01]} Qe8 {[%emt 0:00:02]} 13. Bh4 {[%emt 0:00:04]} Qh5 {[%emt 0:00:04]} 14. Bg3 {[%emt 0:00:07]} Rae8 {[%emt 0:00:02]} 15. Ne5 {[%emt 0:00:17]} Qh6 {[%emt 0:00:18]} 16. Qd2 {[%emt 0:00:21]} Qh5 {[%emt 0:00:08]} 17. Rad1 {[%emt 0:00:18]} Ng4 {[%emt 0:00:19]} 18. Nxd7 {[%emt 0:00:18]} Bxg3 {[%emt 0:00:04]} 19. fxg3 {[%emt 0:00:05]} Rxf1+ {[%emt 0:00:04]} 20. Kxf1 {[%emt 0:00:07]} Nxh2+ {[%emt 0:00:11]} 21. Kg1 {[%emt 0:00:25]} Ng4 {[%emt 0:00:00]} 22. Bxh7+ {[%emt 0:00:34]} Qxh7 {[%emt 0:00:05]} 23. Qf4 {[%emt 0:00:10]} Qh2+ {[%emt 0:00:04]} 24. Kf1 {[%emt 0:00:00]} Qh1+ {[%emt 0:00:00]} 25. Ke2 {[%emt 0:00:00]} Qxg2+ {[%emt 0:00:01]} 26. Kd3 {[%emt 0:00:01]} Nf2+ {[%emt 0:00:06]} 27. Ke3 {[%emt 0:00:03]} Nxd1+ {[%emt 0:00:05]} 28. Rxd1 {[%emt 0:00:00]} Qxb2 {[%emt 0:00:01]} 29. Kd3 {[%emt 0:00:03]} Qa3 {[%emt 0:00:12]} 30. Rc1 {[%emt 0:00:06]} Nb4+ {[%emt 0:00:02]} 31. Ke2 {[%emt 0:00:04]} Qb2+ {[%emt 0:00:02]} 32. Kf3 {[%emt 0:00:02]} Nd3 {[%emt 0:00:01]} 33. Qxc7 {[%emt 0:00:05]} Qxc1 {[%emt 0:00:02]} 34. Qxb7 {[%emt 0:00:03]} Qxc3 {[%emt 0:00:07]} 35. Kg4 {[%emt 0:00:02]} Qxd4+ {[%emt 0:00:02]} 36. Kh3 {[%emt 0:00:01]} Nf2+ {[%emt 0:00:01]} 37. Kg2 {[%emt 0:00:01]} Ne4 {[%emt 0:00:00] Pernerstorfer_Max resigns} 0-1

[Event "U12 Burschen Blitz"]
[Site "austriaU18boys"]
[Date "2020.12.11"]
[Round "5"]
[White "Flotschiiii"]
[Black "Kreuzturm"]
[Result "0-1"]
[WhiteElo "1724"]
[BlackElo "1939"]
[PlyCount "34"]
[EventDate "2020.12.11"]
[EventType "blitz"]

1. e4 {[%emt 0:00:02]} e6 {[%emt 0:00:02]} 2. d4 {[%emt 0:00:01]} d5 {[%emt 0:00:02]} 3. Nc3 {[%emt 0:00:01]} Nf6 {[%emt 0:00:02]} 4. e5 {[%emt 0:00:01]} Nfd7 {[%emt 0:00:01]} 5. f4 {[%emt 0:00:00]} c5 {[%emt 0:00:02]} 6. Nf3 {[%emt 0:00:00]} Nc6 {[%emt 0:00:01]} 7. Be3 {[%emt 0:00:01]} a6 {[%emt 0:00:08]} 8. Be2 {[%emt 0:00:02]} cxd4 {[%emt 0:00:02]} 9. Nxd4 {[%emt 0:00:01]} Bc5 {[%emt 0:00:01]} 10. Qd2 {[%emt 0:00:25]} Nxd4 {[%emt 0:00:05]} 11. Bxd4 {[%emt 0:00:02]} b5 {[%emt 0:00:01]} 12. O-O {[%emt 0:00:02]} Qb6 {[%emt 0:00:04]} 13. Rad1 {[%emt 0:00:07]} Bb7 {[%emt 0:00:08]} 14. b4 {[%emt 0:00:21]} Bxd4+ {[%emt 0:00:10]} 15. Qxd4 {[%emt 0:00:00]} Rc8 {[%emt 0:00:02]} 16. Rf3 {[%emt 0:00:30]} O-O {[%emt 0:00:23]} 17. Bd3 {[%emt 0:01:29]} Qxd4+ {[%emt 0:00:04] Flotschiiii resigns} 0-1

[Event "U12 Burschen Blitz"]
[Site "austriaU18boys"]
[Date "2020.12.11"]
[Round "5"]
[White "Jules2520"]
[Black "Nicolas Moser"]
[Result "1-0"]
[WhiteElo "1646"]
[BlackElo "1620"]
[Annotator "NA"]
[PlyCount "141"]
[EventDate "2020.12.11"]
[EventType "blitz"]

1. e4 {[%emt 0:00:03]} d5 {[%emt 0:00:02]} 2. exd5 {[%emt 0:00:01]} Nf6 {[%emt 0:00:00]} 3. d4 {[%emt 0:00:08]} Nxd5 {[%emt 0:00:01]} 4. Nf3 {[%emt 0:00:06]} Bg4 {[%emt 0:00:02]} 5. Be2 {[%emt 0:00:01]} e6 {[%emt 0:00:02]} 6. O-O {[%emt 0:00:03]} Bd6 {[%emt 0:00:12]} 7. Ne5 {[%emt 0:00:22]} Bxe5 {[%emt 0:00:25]} 8. Bxg4 {[%emt 0:00:13]} Bd6 {[%emt 0:00:08]} 9. g3 {[%emt 0:00:06]} O-O {[%emt 0:00:07]} 10. Bf3 {[%emt 0:00:04]} c6 {[%emt 0:00:02]} 11. Nd2 {[%emt 0:00:05]} Nd7 {[%emt 0:00:16]} 12. Nc4 {[%emt 0:00:02]} Bc7 {[%emt 0:00:08]} 13. c3 {[%emt 0:00:12]} N7b6 {[%emt 0:00:06]} 14. Ne5 {[%emt 0:00:03]} Bxe5 {[%emt 0:00:03]} 15. dxe5 {[%emt 0:00:00]} Qc7 {[%emt 0:00:04]} 16. Qe2 {[%emt 0:00:03]} Rad8 {[%emt 0:00:08]} 17. Re1 {[%emt 0:00:05]} Rd7 {[%emt 0:00:04]} 18. Rd1 {[%emt 0:00:22]} Rfd8 {[%emt 0:00:02]} 19. Bg5 {[%emt 0:00:05]} Ne7 {[%emt 0:00:10]} 20. Rxd7 {[%emt 0:00:14]} Rxd7 {[%emt 0:00:02]} 21. Rd1 {[%emt 0:00:06]} h6 {[%emt 0:00:10]} 22. Bc1 {[%emt 0:00:15]} Rxd1+ {[%emt 0:00:15]} 23. Qxd1 {[%emt 0:00:02]} Ned5 {[%emt 0:00:05]} 24. Qe2 {[%emt 0:00:02]} Qe7 {[%emt 0:00:05]} 25. a3 {[%emt 0:00:04]} Qc5 {[%emt 0:00:07]} 26. Kg2 {[%emt 0:00:04]} Qc4 {[%emt 0:00:07]} 27. Qe1 {[%emt 0:00:07]} Qb3 {[%emt 0:00:09]} 28. Bd1 {[%emt 0:00:04]} Qc4 {[%emt 0:00:02]} 29. Bc2 {[%emt 0:00:02]} Nd7 {[%emt 0:00:08]} 30. Bd2 {[%emt 0:00:20]} Nc5 {[%emt 0:00:03]} 31. b4 {[%emt 0:00:15]} Nd7 {[%emt 0:00:23]} 32. f4 {[%emt 0:00:05]} Qb5 {[%emt 0:00:05]} 33. Qe4 {[%emt 0:00:02]} Nf8 {[%emt 0:00:03]} 34. c4 {[%emt 0:00:01]} Qa6 {[%emt 0:00:13]} 35. cxd5 {[%emt 0:00:01]} cxd5 {[%emt 0:00:01]} 36. Qd4 {[%emt 0:00:01]} Qxa3 {[%emt 0:00:02]} 37. Qc3 {[%emt 0:00:03]} Qa6 {[%emt 0:00:04]} 38. Bd3 {[%emt 0:00:02]} Qb6 {[%emt 0:00:01]} 39. Qc5 {[%emt 0:00:02]} Qxc5 {[%emt 0:00:08]} 40. bxc5 {[%emt 0:00:00]} Nd7 {[%emt 0:00:01]} 41. Be3 {[%emt 0:00:03]} Kf8 {[%emt 0:00:03]} 42. Kf2 {[%emt 0:00:02]} Ke8 {[%emt 0:00:01]} 43. Ke2 {[%emt 0:00:01]} Kd8 {[%emt 0:00:01]} 44. Kd2 {[%emt 0:00:01]} Kc7 {[%emt 0:00:00]} 45. Kc3 {[%emt 0:00:02]} Kc6 {[%emt 0:00:01]} 46. Kb4 {[%emt 0:00:02]} h5 {[%emt 0:00:08]} 47. Bb5+ {[%emt 0:00:01]} Kc7 {[%emt 0:00:01]} 48. Bxd7 {[%emt 0:00:06]} Kxd7 {[%emt 0:00:01]} 49. Kb5 {[%emt 0:00:01]} Kc7 {[%emt 0:00:02]} 50. h3 {[%emt 0:00:01]} a6+ {[%emt 0:00:01]} 51. Ka5 {[%emt 0:00:02]} Kc6 {[%emt 0:00:01]} 52. g4 {[%emt 0:00:04]} hxg4 {[%emt 0:00:04]} 53. hxg4 {[%emt 0:00:00]} f6 {[%emt 0:00:01]} 54. Bd4 {[%emt 0:00:06]} fxe5 {[%emt 0:00:05]} 55. Bxe5 {[%emt 0:00:00]} g6 {[%emt 0:00:02]} 56. Bd4 {[%emt 0:00:04]} Kc7 {[%emt 0:00:05]} 57. Kb4 {[%emt 0:00:02]} Kc6 {[%emt 0:00:01]} 58. Kc3 {[%emt 0:00:02]} Kb5 {[%emt 0:00:01]} 59. Kb3 {[%emt 0:00:06]} a5 {[%emt 0:00:01]} 60. Kc3 {[%emt 0:00:03]} a4 {[%emt 0:00:01]} 61. Bf2 {[%emt 0:00:04]} a3 {[%emt 0:00:06]} 62. Kb3 {[%emt 0:00:02]} a2 {[%emt 0:00:01]} 63. Kxa2 {[%emt 0:00:01]} Kc4 {[%emt 0:00:00]} 64. Ka3 {[%emt 0:00:07]} d4 {[%emt 0:00:01]} 65. Ka4 {[%emt 0:00:01]} d3 {[%emt 0:00:06]} 66. Be3 {[%emt 0:00:02]} Kc3 {[%emt 0:00:02]} 67. Kb5 {[%emt 0:00:01]} d2 {[%emt 0:00:01]} 68. Bxd2+ {[%emt 0:00:01]} Kxd2 {[%emt 0:00:00]} 69. Kb6 {[%emt 0:00:01]} Kc3 {[%emt 0:00:00]} 70. Kxb7 {[%emt 0:00:01]} Kd4 {[%emt 0:00:03]} 71. c6 {[%emt 0:00:01] Nicolas Moser resigns} 1-0

[Event "U12 Burschen Blitz"]
[Site "austriaU18boys"]
[Date "2020.12.11"]
[Round "5"]
[White "Johannes11"]
[Black "Couvervan"]
[Result "0-1"]
[WhiteElo "1596"]
[BlackElo "1645"]
[Annotator "NA"]
[PlyCount "84"]
[EventDate "2020.12.11"]
[EventType "blitz"]

1. c4 {[%emt 0:00:05]} e5 {[%emt 0:00:01]} 2. Nc3 {[%emt 0:00:01]} Nc6 {[%emt 0:00:00]} 3. Nf3 {[%emt 0:00:01]} f5 {[%emt 0:00:01]} 4. g3 {[%emt 0:00:01]} Bb4 {[%emt 0:00:02]} 5. a3 {[%emt 0:00:10]} Bxc3 {[%emt 0:00:02]} 6. bxc3 {[%emt 0:00:00]} Nf6 {[%emt 0:00:01]} 7. Bg2 {[%emt 0:00:02]} O-O {[%emt 0:00:01]} 8. O-O {[%emt 0:00:01]} d6 {[%emt 0:00:01]} 9. d4 {[%emt 0:00:03]} e4 {[%emt 0:00:10]} 10. Ng5 {[%emt 0:00:13]} Qe8 {[%emt 0:00:06]} 11. f3 {[%emt 0:00:07]} h6 {[%emt 0:00:14]} 12. Nh3 {[%emt 0:00:04]} Bd7 {[%emt 0:00:15]} 13. Nf4 {[%emt 0:00:22]} Nd8 {[%emt 0:00:43]} 14. Rb1 {[%emt 0:00:07]} c6 {[%emt 0:00:07]} 15. a4 {[%emt 0:00:15]} g5 {[%emt 0:00:14]} 16. Nh3 {[%emt 0:00:07]} Qg6 {[%emt 0:00:05]} 17. e3 {[%emt 0:00:28]} exf3 {[%emt 0:00:12]} 18. Qxf3 {[%emt 0:00:04]} g4 {[%emt 0:00:16]} 19. Qf4 {[%emt 0:00:39]} gxh3 {[%emt 0:00:04]} 20. Bxh3 {[%emt 0:00:00]} Ne4 {[%emt 0:00:05]} 21. Rb3 {[%emt 0:00:22]} Rf6 {[%emt 0:00:03]} 22. Bg2 {[%emt 0:00:15]} Kg7 {[%emt 0:00:24]} 23. Bxe4 {[%emt 0:00:02]} fxe4 {[%emt 0:00:02]} 24. Qh4 {[%emt 0:00:09]} Rxf1+ {[%emt 0:00:01]} 25. Kxf1 {[%emt 0:00:00]} Ne6 {[%emt 0:00:06]} 26. Qe7+ {[%emt 0:00:03]} Qf7+ {[%emt 0:00:05]} 27. Qxf7+ {[%emt 0:00:02]} Kxf7 {[%emt 0:00:00]} 28. Ba3 {[%emt 0:00:02]} b6 {[%emt 0:00:04]} 29. Bxd6 {[%emt 0:00:02]} Ng5 {[%emt 0:00:02]} 30. Bf4 {[%emt 0:00:02]} Bh3+ {[%emt 0:00:04]} 31. Kf2 {[%emt 0:00:04]} Ke6 {[%emt 0:00:01]} 32. c5 {[%emt 0:00:01]} bxc5 {[%emt 0:00:03]} 33. dxc5 {[%emt 0:00:01]} Kd5 {[%emt 0:00:01]} 34. Rb4 {[%emt 0:00:02]} Kxc5 {[%emt 0:00:05]} 35. Bxg5 {[%emt 0:00:01]} hxg5 {[%emt 0:00:02]} 36. Rxe4 {[%emt 0:00:01]} Rf8+ {[%emt 0:00:02]} 37. Ke2 {[%emt 0:00:03]} Bf1+ {[%emt 0:00:01]} 38. Ke1 {[%emt 0:00:02]} Bd3 {[%emt 0:00:04]} 39. Re5+ {[%emt 0:00:02]} Kc4 {[%emt 0:00:02]} 40. Rxg5 {[%emt 0:00:02]} Kxc3 {[%emt 0:00:03]} 41. Rc5+ {[%emt 0:00:01]} Bc4 {[%emt 0:00:04]} 42. Rxc6 {[%emt 0:00:10]} Rf1# {[%emt 0:00:02] Mate Mate} 0-1

[Event "U12 Burschen Blitz"]
[Site "austriaU18boys"]
[Date "2020.12.11"]
[Round "6"]
[White "Konstantin Peyrer"]
[Black "UrosN"]
[Result "1-0"]
[WhiteElo "2251"]
[BlackElo "1914"]
[PlyCount "65"]
[EventDate "2020.12.11"]
[EventType "blitz"]

1. d4 {[%emt 0:00:04]} d5 {[%emt 0:00:01]} 2. Nf3 {[%emt 0:00:00]} Nf6 {[%emt 0:00:02]} 3. g3 {[%emt 0:00:00]} e6 {[%emt 0:00:01]} 4. Bg2 {[%emt 0:00:00]} Be7 {[%emt 0:00:01]} 5. O-O {[%emt 0:00:00]} O-O {[%emt 0:00:01]} 6. b3 {[%emt 0:00:05]} Nbd7 {[%emt 0:00:08]} 7. c4 {[%emt 0:00:01]} c6 {[%emt 0:00:04]} 8. Bb2 {[%emt 0:00:04]} Ne4 {[%emt 0:00:02]} 9. Qc2 {[%emt 0:00:01]} f5 {[%emt 0:00:04]} 10. e3 {[%emt 0:00:01]} g5 {[%emt 0:00:14]} 11. Nc3 {[%emt 0:00:07]} Ndf6 {[%emt 0:00:26]} 12. Ne5 {[%emt 0:00:04]} g4 {[%emt 0:00:26]} 13. Ne2 {[%emt 0:00:14]} Qe8 {[%emt 0:00:13]} 14. Nf4 {[%emt 0:00:04]} Ng5 {[%emt 0:00:12]} 15. f3 {[%emt 0:00:09]} gxf3 {[%emt 0:00:12]} 16. Nxf3 {[%emt 0:00:06]} Nh5 {[%emt 0:00:04]} 17. Nxg5 {[%emt 0:00:08]} Bxg5 {[%emt 0:00:00]} 18. Rae1 {[%emt 0:00:03]} Bd7 {[%emt 0:00:31]} 19. Kh1 {[%emt 0:00:12]} Nf6 {[%emt 0:00:12]} 20. Bf3 {[%emt 0:00:13]} Qe7 {[%emt 0:00:15]} 21. a4 {[%emt 0:00:07]} Qg7 {[%emt 0:00:01]} 22. Rg1 {[%emt 0:01:08]} h5 {[%emt 0:00:02]} 23. Nxh5 {[%emt 0:00:17]} Qh6 {[%emt 0:00:13]} 24. Nxf6+ {[%emt 0:00:02]} Rxf6 {[%emt 0:00:04]} 25. Qg2 {[%emt 0:00:03]} Kf7 {[%emt 0:00:06]} 26. cxd5 {[%emt 0:00:08]} exd5 {[%emt 0:00:04]} 27. Bxd5+ {[%emt 0:00:01]} cxd5 {[%emt 0:00:08]} 28. Qxd5+ {[%emt 0:00:00]} Kg6 {[%emt 0:00:01]} 29. Qxd7 {[%emt 0:00:07]} Rh8 {[%emt 0:00:01]} 30. Rg2 {[%emt 0:00:01]} Rf7 {[%emt 0:00:05]} 31. Qe6+ {[%emt 0:00:06]} Bf6 {[%emt 0:00:03]} 32. d5 {[%emt 0:00:01]} Re7 {[%emt 0:00:02]} 33. Qxf6+ {[%emt 0:00:01] UrosN resigns (Lag: Av=1.91s, max=3.2s)} 1-0